Sravitel´naja grammatika germanskich jazykov. Tom II. Fonologija.
Uložené v:
| Médium: | Kniha |
|---|---|
| Jazyk: | Russian |
| Vydané: |
Moskva :
Izdatel´stvo AN SSSR,
1962.
|
| Fyzický popis: |
402 strán. |
| Tagy: |
Pridať tag
Žiadne tagy, Buďte prvý kto otaguje tento záznam!
|
Titul je dostupný aj v ... 

MARC
| LEADER | 00000nam a22000002i 4500 | ||
|---|---|---|---|
| 001 | 000646607 | ||
| 005 | 20201008104759.0 | ||
| 008 | 201008s1962 ru e 000 0 rus d | ||
| 020 | |c Kčs 17,50 |q (viazané) | ||
| 040 | |a SVKKK |b slo |c SVKKK |e rda | ||
| 245 | 0 | 0 | |a Sravitel´naja grammatika germanskich jazykov. Tom II. Fonologija. |
| 264 | 1 | |a Moskva : |b Izdatel´stvo AN SSSR, |c 1962. | |
| 300 | |a 402 strán. | ||
| 336 | |a text |b txt |2 rdacontent | ||
| 337 | |a bez média |b n |2 rdamedia | ||
| 338 | |a zväzok |b nc |2 rdacarrier | ||
| 500 | |a Záznam revízie | ||
| 910 | |a svkkk | ||
| 998 | |a BK | ||
| 090 | |g SCKHL |k Sklad Pribinova 2. posch. |a III.86899 |j 316162 |i 2720749839 |4 Zastaraná |s Vyradená | ||